[Event "Ustron op-B"]
[Site "Ustron"]
[Date "2022.08.14"]
[Round "3"]
[White "Pisarek, Jan"]
[Black "Grzesik, Gracjan"]
[Result "1/2-1/2"]
[WhiteElo "1880"]
[BlackElo "2137"]
[PlyCount "94"]
[EventDate "2022.08.12"]
[EventType "swiss"]
[EventRounds "9"]
[EventCountry "POL"]
[SourceTitle "CBM 209 Extra"]
[Source "ChessBase"]
[SourceDate "2022.09.30"]
[SourceVersion "1"]
[SourceVersionDate "2022.09.30"]
[SourceQuality "1"]

1. e4 c5 2. Nf3 d6 3. d4 Nf6 4. Nc3 cxd4 5. Nxd4 a6 6. Be2 e5 7. Nf3 h6 8. Nd2 Be6 9. Nc4 b5 10. Ne3 Nbd7 11. Ned5 Nxd5 12. Nxd5 Nb6 13. 0-0 Bxd5 14. exd5 Be7 15. Be3 0-0 16. b3 Bg5 17. Bxb6 Qxb6 18. a4 e4 19. c4 b4 20. Qc2 f5 21. Kh1 Rae8 22. Rad1 Qc5 23. f3 g6 24. fxe4 Rxe4 25. Bd3 Re5 26. Rf3 Rfe8 27. Rdf1 Qd4 28. c5 dxc5 29. Bxa6 Re1 30. Bc4 Bd8 31. Qf2 Rxf1+ 32. Qxf1 Qd2 33. Rd3 Qf4 34. Rd1 Qd6 35. Re1 Re4 36. Rxe4 fxe4 37. Qe2 Qe5 38. g3 h5 39. Kg2 Kg7 40. h4 e3 41. Kf3 Bc7 42. Qe1 Kh7 43. Kg2 Kg7 44. Kf3 Kh7 45. Ke2 Qd4 46. Kf3 Qe5 47. Kg2 Kg7 1/2-1/2

[Event "POL-ch U16"]
[Site "Sypniewo"]
[Date "2022.03.25"]
[Round "7"]
[White "Pisarek, Jan"]
[Black "Wiatrowski, Zbigniew"]
[Result "1-0"]
[WhiteElo "1703"]
[BlackElo "1880"]
[PlyCount "101"]
[EventDate "2022.03.19"]
[EventType "swiss"]
[EventRounds "9"]
[EventCountry "POL"]
[SourceTitle "CBM 207 Extra"]
[Source "ChessBase"]
[SourceDate "2022.05.31"]
[SourceVersion "1"]
[SourceVersionDate "2022.05.31"]
[SourceQuality "1"]

1. b3 d5 2. Bb2 Nf6 3. e3 c5 4. f4 a6 5. Nf3 Nc6 6. Be2 e6 7. 0-0 Bd6 8. Ne5 Qc7 9. Nxc6 Qxc6 10. d3 Qc7 11. Qe1 Bd7 12. Qg3 Be7 13. Nd2 0-0-0 14. Nf3 Rhg8 15. Ne5 Be8 16. c4 dxc4 17. Nxc4 Nd7 18. Rac1 f6 19. b4 Kb8 20. Qh3 Bf7 21. bxc5 e5 22. fxe5 Nxc5 23. d4 Be6 24. Qxh7 Na4 25. Qb1 Qd7 26. Ba1 Rc8 27. Na5 b5 28. Bf3 Bd5 29. e4 Ba8 30. d5 Bc5+ 31. Kh1 Rh8 32. Nb3 Be3 33. Rxc8+ Qxc8 34. Bd1 Qc4 35. Bg4 Bxd5 36. exd5 Qxg4 37. Qf5 Qg3 38. h3 Bg5 39. Qf3 Qxf3 40. Rxf3 Re8 41. exf6 gxf6 42. Bxf6 Re1+ 43. Kh2 Bxf6 44. Rxf6 Ka7 45. d6 Rd1 46. h4 Rd5 47. g4 Nc3 48. Re6 Nxa2 49. h5 Rd3 50. h6 Rf3 51. d7 1-0

[Event "POL-ch U16"]
[Site "Sypniewo"]
[Date "2022.03.19"]
[Round "1"]
[White "Pisarek, Jan"]
[Black "Zalega, Maciej"]
[Result "0-1"]
[WhiteElo "1703"]
[BlackElo "1994"]
[PlyCount "96"]
[EventDate "2022.03.19"]
[EventType "swiss"]
[EventRounds "9"]
[EventCountry "POL"]
[SourceTitle "CBM 207 Extra"]
[Source "ChessBase"]
[SourceDate "2022.05.31"]
[SourceVersion "1"]
[SourceVersionDate "2022.05.31"]
[SourceQuality "1"]

1. e4 c5 2. Nf3 Nc6 3. Bb5 e5 4. 0-0 Bd6 5. c3 a6 6. Bxc6 dxc6 7. d3 Nf6 8. h3 Qe7 9. Qc2 Bc7 10. Be3 Be6 11. Nbd2 0-0-0 12. d4 cxd4 13. cxd4 exd4 14. Nxd4 Rhe8 15. Rfd1 Bd7 16. Nf5 Bxf5 17. exf5 Nd5 18. Bc5 Qf6 19. Nf3 Nf4 20. Be3 Be5 21. Rxd8+ Rxd8 22. g3 Bxb2 23. Rb1 Nd3 24. Bg5 Qxf5 25. Bxd8 Qxf3 26. Bb6 Bf6 27. Rd1 Nb4 28. Qd2 Nd5 29. Bd4 h5 30. h4 Bxh4 31. Bxg7 Bxg3 32. Re1 Bd6 33. Qe2 Qg4+ 34. Qxg4+ hxg4 35. Be5 Kd7 36. Kg2 f6 37. Bxd6 Kxd6 38. Kf1 c5 39. Re4 f5 40. Ra4 Kc6 41. Ra3 c4 42. Ra5 f4 43. Ke1 Kd6 44. Kd2 c3+ 45. Kd3 g3 46. fxg3 fxg3 47. Ra4 c2 48. Kxc2 g2 0-1

[Event "POL-ch U15 Qual"]
[Site "Jastrzebia Gora"]
[Date "2021.11.18"]
[Round "5"]
[White "Jendrowiak, Maciej"]
[Black "Pisarek, Jan"]
[Result "0-1"]
[WhiteElo "1493"]
[BlackElo "1583"]
[PlyCount "62"]
[EventDate "2021.11.15"]
[EventType "swiss"]
[EventRounds "9"]
[EventCountry "POL"]
[SourceTitle "EXT 2023"]
[Source "ChessBase"]
[SourceDate "2022.10.05"]
[SourceVersion "1"]
[SourceVersionDate "2022.10.05"]
[SourceQuality "1"]

1. e4 b6 2. d4 Bb7 3. Nc3 e6 4. Bf4 Bb4 5. Bd3 f5 6. Qe2 Nf6 7. f3 0-0 8. e5 Nd5 9. Bd2 Qh4+ 10. Qf2 Qxf2+ 11. Kxf2 Nxc3 12. bxc3 Ba3 13. Ne2 Nc6 14. Rab1 a5 15. Rbg1 Ne7 16. h4 Nd5 17. Rh3 d6 18. f4 dxe5 19. fxe5 Bc6 20. Nf4 Nxf4 21. Bxf4 Rad8 22. Bg5 Rd7 23. Ke2 b5 24. g4 f4 25. h5 Bb2 26. h6 g6 27. Rd1 Bxc3 28. d5 Rxd5 29. Bxg6 f3+ 30. Rxf3 Rxf3 31. Be4 Rxd1 0-1

[Event "POL-ch U15 Qual"]
[Site "Jastrzebia Gora"]
[Date "2021.11.17"]
[Round "4"]
[White "Pisarek, Jan"]
[Black "Dysko, Michal"]
[Result "1-0"]
[WhiteElo "1583"]
[BlackElo "1222"]
[PlyCount "79"]
[EventDate "2021.11.15"]
[EventType "swiss"]
[EventRounds "9"]
[EventCountry "POL"]
[SourceTitle "EXT 2023"]
[Source "ChessBase"]
[SourceDate "2022.10.05"]
[SourceVersion "1"]
[SourceVersionDate "2022.10.05"]
[SourceQuality "1"]

1. e4 c5 2. Nf3 e6 3. d4 cxd4 4. Nxd4 Nf6 5. Nc3 Nc6 6. Ndb5 Bb4 7. a3 Bxc3+ 8. Nxc3 d5 9. exd5 exd5 10. Bd3 d4 11. Ne2 0-0 12. 0-0 Bg4 13. f3 Bh5 14. Nf4 Bg6 15. Nxg6 hxg6 16. f4 Qb6 17. Qf3 Rad8 18. Qh3 Rfe8 19. Bd2 Nd5 20. f5 Ne5 21. fxg6 Nxg6 22. Bg5 Rd6 23. Qf5 Nf6 24. Rae1 Rde6 25. Rxe6 Rxe6 26. Bc4 Rc6 27. b3 Rc5 28. Qxg6 Rxc4 29. Rxf6 fxg6 30. Rxb6 Rc5 31. Rxb7 Rxg5 32. Rxa7 Rc5 33. Rd7 Rxc2 34. Rxd4 Rc3 35. Rb4 Kf7 36. h3 Kf6 37. a4 Rc1+ 38. Kh2 Ra1 39. Rb5 Ra2 40. a5 1-0

[Event "POL-ch U15 Qual"]
[Site "Jastrzebia Gora"]
[Date "2021.11.16"]
[Round "3"]
[White "Trzebinski, Patryk"]
[Black "Pisarek, Jan"]
[Result "1-0"]
[WhiteElo "1767"]
[BlackElo "1583"]
[PlyCount "77"]
[EventDate "2021.11.15"]
[EventType "swiss"]
[EventRounds "9"]
[EventCountry "POL"]
[SourceTitle "EXT 2023"]
[Source "ChessBase"]
[SourceDate "2022.10.05"]
[SourceVersion "1"]
[SourceVersionDate "2022.10.05"]
[SourceQuality "1"]

1. e4 c5 2. Nf3 Nc6 3. d4 cxd4 4. Nxd4 Nf6 5. Nc3 e5 6. Ndb5 d6 7. Bg5 a6 8. Bxf6 gxf6 9. Na3 b5 10. Nd5 Bg7 11. Bd3 Be6 12. 0-0 f5 13. c4 bxc4 14. Nxc4 0-0 15. Ndb6 Bxc4 16. Nxc4 Ne7 17. Ne3 f4 18. Nd5 Nxd5 19. exd5 f5 20. f3 Qb6+ 21. Kh1 Qxb2 22. Qa4 Rae8 23. Bxf5 Qb5 24. Qe4 h6 25. Rab1 Qa5 26. Rb7 Rf6 27. Rc1 Qd2 28. Rcb1 Qxa2 29. h3 Kh8 30. Rc7 Qf2 31. Rbb7 Qg3 32. Rxg7 Qxg7 33. Rxg7 Kxg7 34. Qa4 Re7 35. Be6 Kg6 36. Qxa6 Rfxe6 37. dxe6 Rxe6 38. Qc8 Rf6 39. Qg8+ 1-0

[Event "Rubinstein Memorial-C 55th"]
[Site "Polanica Zdroj"]
[Date "2019.08.21"]
[Round "5"]
[White "Pisarek, Jan"]
[Black "Bogdanov, Maxim A"]
[Result "0-1"]
[WhiteElo "1556"]
[BlackElo "1763"]
[PlyCount "114"]
[EventDate "2019.08.17"]
[EventType "swiss"]
[EventRounds "9"]
[EventCountry "POL"]
[SourceTitle "EXT 2020"]
[Source "ChessBase"]
[SourceDate "2019.10.17"]
[SourceVersion "1"]
[SourceVersionDate "2019.10.17"]
[SourceQuality "1"]

1. e4 e5 2. Nf3 Nf6 3. Nxe5 d6 4. Nf3 Nxe4 5. Nc3 Nxc3 6. dxc3 Be7 7. Bf4 0-0 8. Qd2 Nd7 9. 0-0-0 Nc5 10. h4 Bg4 11. Bd3 Nxd3+ 12. Qxd3 Qd7 13. a3 Qf5 14. Qxf5 Bxf5 15. Nd4 Bd7 16. Bg3 Rfe8 17. Rhe1 h5 18. Re2 Bf6 19. Rde1 Rxe2 20. Rxe2 Kf8 21. Kd2 Re8 22. Rxe8+ Kxe8 23. f3 Ke7 24. Ne2 g6 25. Nf4 c6 26. Nd3 a5 27. Bf2 b5 28. g3 c5 29. Be3 Bc6 30. Ke2 b4 31. axb4 axb4 32. Bd2 bxc3 33. Bxc3 Bxc3 34. bxc3 Kf6 35. Ke3 Ba4 36. Ne1 Ke5 37. Kd3 Bc6 38. Ke3 Kd5 39. Kd3 Bb5+ 40. Ke3 Kc4 41. Kd2 Bc6 42. f4 Be4 43. Nd3 Bxd3 44. cxd3+ Kb3 45. c4 Kb2 46. Ke2 Kc2 47. Ke3 Kd1 48. f5 Ke1 49. fxg6 fxg6 50. Kf4 Kf2 51. g4 Ke2 52. gxh5 gxh5 53. Kg5 Kxd3 54. Kxh5 Kxc4 55. Kg4 Kd5 56. Kg5 c4 57. h5 c3 0-1

[Event "POL-chT U20 2nd League"]
[Site "Szczyrk"]
[Date "2017.07.26"]
[Round "6.4"]
[White "Dziewonski, Dariusz"]
[Black "Pisarek, Jan"]
[Result "1/2-1/2"]
[WhiteElo "1594"]
[BlackElo "1327"]
[PlyCount "121"]
[EventDate "2017.07.22"]
[EventType "team-swiss"]
[EventRounds "11"]
[EventCountry "POL"]
[SourceTitle "EXT 2019"]
[Source "ChessBase"]
[SourceDate "2018.10.10"]
[SourceVersion "1"]
[SourceVersionDate "2018.10.10"]
[SourceQuality "1"]

1. e4 c5 2. Nf3 d6 3. d4 cxd4 4. Nxd4 Nf6 5. Nc3 g6 6. Be3 Bg7 7. f3 Nc6 8. Qd2 0-0 9. 0-0-0 d5 10. Kb1 Rb8 11. Nb3 dxe4 12. Qxd8 Rxd8 13. Rxd8+ Nxd8 14. Bxa7 Ra8 15. Bb6 Bf5 16. Be2 exf3 17. Bxf3 Bg4 18. Bxg4 Nxg4 19. Nd5 Nc6 20. h3 Nge5 21. c3 Nc4 22. Bc5 e6 23. Ne7+ Nxe7 24. Bxe7 Re8 25. Bg5 h6 26. Bc1 e5 27. Kc2 e4 28. Re1 f5 29. Nc5 b6 30. Nd7 Re7 31. b3 Rxd7 32. bxc4 Rd3 33. Re3 Rd8 34. Re1 Kf7 35. Rd1 Rxd1 36. Kxd1 Bxc3 37. Be3 Ba5 38. Bxh6 Ke6 39. Be3 Kd6 40. Ke2 Kc6 41. g4 fxg4 42. hxg4 b5 43. cxb5+ Kxb5 44. Bd4 Kc4 45. Ke3 Kd5 46. a4 Bd8 47. Bc3 Bg5+ 48. Ke2 Kc4 49. Bd2 Bf6 50. a5 Kb5 51. Kf2 Bh4+ 52. Ke2 Bf6 53. Kf2 Bh4+ 54. Kg2 Ka6 55. Bc3 Kb5 56. Kf1 Ka6 57. Ke2 Bg5 58. Kf2 Bf4 59. Kg2 Kb5 60. Kh3 Ka6 61. Kg2 1/2-1/2

[Event "Lazy op 13th"]
[Site "Lazy"]
[Date "2017.06.30"]
[Round "6"]
[White "Pisarek, Jan"]
[Black "Starosta, Martyna"]
[Result "1/2-1/2"]
[WhiteElo "1327"]
[BlackElo "1614"]
[PlyCount "128"]
[EventDate "2017.06.25"]
[EventType "swiss"]
[EventRounds "9"]
[EventCountry "POL"]
[SourceTitle "EXT 2018"]
[Source "ChessBase"]
[SourceDate "2017.10.13"]
[SourceVersion "1"]
[SourceVersionDate "2017.10.13"]
[SourceQuality "1"]

1. e4 c5 2. Nf3 e6 3. d4 cxd4 4. Nxd4 Nf6 5. Nc3 Nc6 6. Ndb5 Bb4 7. a3 Bxc3+ 8. Nxc3 d5 9. exd5 exd5 10. Bd3 0-0 11. 0-0 d4 12. Ne4 Bf5 13. Bg5 Bxe4 14. Bxe4 Qd6 15. Bd3 Qe5 16. Bxf6 Qxf6 17. Re1 Rfe8 18. Qd2 h6 19. h3 Rad8 20. Rad1 a6 21. Re4 Rxe4 22. Bxe4 Qe7 23. Re1 Qc5 24. Rd1 Qb6 25. Bxc6 bxc6 26. Qb4 Qa7 27. Qc4 c5 28. b4 cxb4 29. axb4 Qb6 30. c3 dxc3 31. Rxd8+ Qxd8 32. Qxc3 Qd1+ 33. Kh2 Qd6+ 34. Kg1 Kf8 35. Qe1 Qd4 36. Kf1 Qc4+ 37. Kg1 Qd4 38. Kf1 g6 39. Kg1 Kg7 40. g3 h5 41. h4 Kf6 42. Kg2 Qd5+ 43. Kg1 Qd4 44. Kg2 Kf5 45. Kg1 Qe4 46. Qd2 Qc4 47. Qd7+ Ke4 48. Qd2 Ke5 49. Kh2 Qd4 50. Qe2+ Kf5 51. Qe1 Qe4 52. Qd2 Qc4 53. Qd7+ Ke4 54. Qd2 Ke5 55. Kg1 f5 56. Kh2 f4 57. Qe1+ Kf5 58. Qb1+ Qe4 59. Qb2 f3 60. b5 axb5 61. Qxb5+ Kf6 62. Qb6+ Qe6 63. Qd8+ Kf7 64. Qc7+ Qe7 1/2-1/2

[Event "Lazy op 13th"]
[Site "Lazy"]
[Date "2017.06.28"]
[Round "4"]
[White "Pisarek, Jan"]
[Black "Wojcik, Jagoda"]
[Result "1-0"]
[WhiteElo "1327"]
[BlackElo "1530"]
[PlyCount "79"]
[EventDate "2017.06.25"]
[EventType "swiss"]
[EventRounds "9"]
[EventCountry "POL"]
[SourceTitle "EXT 2018"]
[Source "ChessBase"]
[SourceDate "2017.10.13"]
[SourceVersion "1"]
[SourceVersionDate "2017.10.13"]
[SourceQuality "1"]

1. f4 d5 2. Nf3 Nf6 3. e3 Nc6 4. Bb5 Bd7 5. 0-0 e6 6. b3 Bc5 7. Bb2 Qe7 8. d4 Bd6 9. Nbd2 0-0 10. Bxc6 Bxc6 11. Ne5 Nd7 12. Rf3 f6 13. Nxd7 Bxd7 14. c4 b6 15. Rc1 c5 16. Rg3 Rac8 17. Qf1 Bc6 18. Rh3 e5 19. Qd3 e4 20. Qe2 Qf7 21. cxd5 Bxd5 22. Nc4 Be7 23. f5 b5 24. Nd2 c4 25. bxc4 bxc4 26. Rh4 Bb4 27. Bc3 Bxc3 28. Rxc3 Qb7 29. Kf2 Qb2 30. Nxe4 Rb8 31. Rc2 Qa1 32. Nc3 Bf7 33. Rf4 Rfe8 34. Kg3 a5 35. Rf2 a4 36. e4 Qg1 37. Qd2 h5 38. Rc1 h4+ 39. Kh3 g5 40. Rxg1 1-0

[Event "Lazy op 13th"]
[Site "Lazy"]
[Date "2017.06.27"]
[Round "3"]
[White "Karpinski, Andrzej"]
[Black "Pisarek, Jan"]
[Result "1-0"]
[WhiteElo "1658"]
[BlackElo "1327"]
[PlyCount "67"]
[EventDate "2017.06.25"]
[EventType "swiss"]
[EventRounds "9"]
[EventCountry "POL"]
[SourceTitle "EXT 2018"]
[Source "ChessBase"]
[SourceDate "2017.10.13"]
[SourceVersion "1"]
[SourceVersionDate "2017.10.13"]
[SourceQuality "1"]

1. c4 e5 2. Nc3 Nf6 3. Nf3 Nc6 4. g3 d5 5. cxd5 Nxd5 6. d3 Nb6 7. Bg2 Bd6 8. 0-0 0-0 9. a3 a5 10. Be3 Be6 11. Ng5 Qd7 12. Nxe6 Qxe6 13. Rc1 Kh8 14. Bxb6 cxb6 15. Nb5 Rac8 16. Qa4 f5 17. Rc4 g5 18. Nxd6 Qxd6 19. Rfc1 Rf6 20. Qb5 Qc7 21. R1c3 f4 22. g4 h5 23. Bf3 hxg4 24. Bxg4 Rd8 25. Re4 Re8 26. b4 Qd8 27. bxa5 Nd4 28. Qb2 bxa5 29. Qxb7 Rh6 30. Rc8 Qxc8 31. Bxc8 Rc6 32. Rxd4 Rc1+ 33. Kg2 exd4 34. Bf5 1-0